MARC details
| 000 -LEADER |
| fixed length control field |
01568 a2200385 4500 |
| 001 - CONTROL NUMBER |
| control field |
200421349 |
| 003 - CONTROL NUMBER IDENTIFIER |
| control field |
TR-AnTOB |
| 005 - DATE AND TIME OF LATEST TRANSACTION |
| control field |
20200408164509.0 |
| 008 - FIXED-LENGTH DATA ELEMENTS--GENERAL INFORMATION |
| fixed length control field |
150216s tu 000 0 |
| 020 ## - INTERNATIONAL STANDARD BOOK NUMBER |
| International Standard Book Number |
9789751621825 |
| 040 ## - CATALOGING SOURCE |
| Original cataloging agency |
TR-AnTOB |
| Language of cataloging |
tur |
| Description conventions |
rda |
| Transcribing agency |
TR-AnTOB |
| 041 0# - LANGUAGE CODE |
| Language code of text/sound track or separate title |
Türkçe |
| 050 00 - LIBRARY OF CONGRESS CALL NUMBER |
| Classification number |
PL21 |
| Item number |
.A45 2008 |
| 090 ## - LOCALLY ASSIGNED LC-TYPE CALL NUMBER (OCLC); LOCAL CALL NUMBER (RLIN) |
| Classification number (OCLC) (R) ; Classification number, CALL (RLIN) (NR) |
PL21 .A45 2008 |
| 111 1# - MAIN ENTRY--MEETING NAME |
| 9 (RLIN) |
104252 |
| Meeting name or jurisdiction name as entry element |
Uluslararası Türkiyat Araştırmaları Bilgi Şöleni |
| Number of part/section/meeting |
(2. : |
| Date of meeting |
2008 : |
| Location of meeting |
Ankara) |
| 245 10 - TITLE STATEMENT |
| Title |
2. Uluslararası Türkiyat Araştırmaları bilgi şöleni bildirileri : |
| Remainder of title |
Kaşgarlı Mahmut ve dönemi 28-30 Mayıs 2008 / |
| Statement of responsibility, etc. |
yayıma hazırlayanlar Ülkü Çelik Şavk, Fatma Türkyılmaz, Mikail Cengiz. |
| 246 13 - VARYING FORM OF TITLE |
| Title proper/short title |
İkinci Uluslararası Türkiyat Araştırmaları Bilgi Şöleni bildirileri |
|
| Title proper/short title |
Kâşgarlı Mahmud ve dönemi |
| 264 ## - PRODUCTION, PUBLICATION, DISTRIBUTION, MANUFACTURE, AND COPYRIGHT NOTICE |
| Place of production, publication, distribution, manufacture |
Ankara: |
| Name of producer, publisher, distributor, manufacturer |
Türk Dil Kurumu, |
| Date of production, publication, distribution, manufacture, or copyright notice |
2009. |
| 300 ## - PHYSICAL DESCRIPTION |
| Extent |
856 pages ; |
| Dimensions |
24 cm. |
| 336 ## - CONTENT TYPE |
| Content type term |
text |
| Source |
rdacontent |
| Content type code |
txt |
| 337 ## - MEDIA TYPE |
| Media type term |
unmediated |
| Source |
rdamedia |
| Media type code |
n |
| 338 ## - CARRIER TYPE |
| Carrier type term |
volume |
| Source |
rdacarrier |
| Carrier type code |
nc |
| 504 ## - BIBLIOGRAPHY, ETC. NOTE |
| Bibliography, etc. note |
|
| 546 ## - LANGUAGE NOTE |
| Language note |
Turkish, English, Kazakh, Kyrgyz, Russian and Uzbek. |
| 600 0# - SUBJECT ADDED ENTRY--PERSONAL NAME |
| Personal name |
Kaşgarlı Mahmud, |
| Dates associated with a name |
11. yüzyıl |
| Form subdivision |
Kongreler |
| 9 (RLIN) |
77706 |
|
| Personal name |
Kaşgarlı Mahmud, |
| Dates associated with a name |
11. yüzyıl. |
| Title of a work |
Dîvânü Lugati't-Türk |
| Form subdivision |
Kongreler |
| 9 (RLIN) |
104250 |
| 650 00 - SUBJECT ADDED ENTRY--TOPICAL TERM |
| Topical term or geographic name entry element |
Turkic philology |
| Form subdivision |
Congresses |
| 9 (RLIN) |
104254 |
|
| Topical term or geographic name entry element |
Turkic languages |
| General subdivision |
Lexicography |
| Form subdivision |
Congresses |
| 9 (RLIN) |
104253 |
| 700 1# - ADDED ENTRY--PERSONAL NAME |
| Personal name |
Şavk, Ülkü Çelik |
| 9 (RLIN) |
11913 |
|
| Personal name |
Cengiz, Mikail |
| 9 (RLIN) |
77392 |
|
| Personal name |
Türkyılmaz, Fatma |
| 9 (RLIN) |
77393 |
| 942 ## - ADDED ENTRY ELEMENTS (KOHA) |
| Koha item type |
Book |
| Source of classification or shelving scheme |
Library of Congress Classification |